000 00424cam a22001457a 4500
008 180718b1993 xxu||||| |||| 00| 0 eng d
020 _a8170245303
082 _aB73x54 M725
100 _aMohanty, Bijoyini
245 _aMunicipal system in India: citizens' involvement
_cby Bijoyini Mohanty
260 _aNew Delhi
_bAshish
_c1993
300 _a245p.
650 _aLocal Government
650 _aMunicipal Government - India
999 _c367311
_d367311